Quizzes
Events
Quiz Creation
Community
Videos
Private Events
Remove Ads
Sign In
Join for FREE
Feedback
Dark Mode
Quiz Categories
Sports
Geography
Music
Movies
Television
Just For Fun
Miscellaneous
History
Literature
Language
Science
Gaming
Entertainment
Religion
Holiday
For Kids
Quiz Lab
Recent
Popular Today
Quiz Kudos Today
Editor Picks
Curator Picks
Quizzes by...
Day
Popularity
Type
Ratings
Length
Year
Community
Subscriptions
Recent Discussions
Orange Saloon
Badges
Playlists
Quests
Create
Leaderboards
Showdown
Live 5
Trivia Bingo
Activity
Puzzle Library
Sporcle Events
Private Events
Virtual Trivia
Globe League
Become a Host
Pub Owners
SporcleCon
Opinionation
Our Games
Videos
Blog
Mobile Apps
Partnerships
Remove Ads and Go Orange
Feedback
Music
Pop Music
The Beatles
Song
Album
Lyrics
Bands
Singers
Artist
Clip
Rock
Rap
Classical
Billboard
Country Music
Kpop
Taylor Swift
Music
Pop Music
The Beatles
Song
Album
Lyrics
Bands
Singers
Artist
Clip
Rock
Rap
Classical
Billboard
Country Music
Kpop
Taylor Swift
Random Quiz
Search Sporcle
×
Quiz Lab
Quiz Lab
Music
Rock
Type in answers that appear in a list
Type in answers that appear in a list
Classic
Best Score? Go Orange.
Sweet Child O' Mine Lyrics Stats
Can you name the Sweet Child O' Mine Lyrics?
By
CoopIsBored
10m
139 Questions
400 Plays
400 Plays
400 Plays
Comments
Comments
Give Quiz Kudos
Give Quiz Kudos
-
- Ratings
hide this ad
More Info
Replay
Link that replays current quiz
Next Quiz
Link to next quiz in quiz playlist
You Got
0%
They Got
Avg Score
84%
Avg Friend Score
Upgrade to see
Score Distribution
Jump to the score distribution portion of the page
Score
0/139
Timer
10:00
0
Plays Today
Lyrics
% Correct
go
100%
go
100%
go
100%
child
95.5%
child
95.5%
child
95.5%
child
95.5%
a
95%
the
95%
and
95%
and
95%
and
95%
the
95%
the
95%
and
95%
a
95%
a
95%
and
95%
and
95%
the
95%
of
94.5%
of
94.5%
of
94.5%
of
94.5%
of
94.5%
of
94.5%
of
94.5%
she
94.3%
me
94%
me
94%
me
94%
me
94%
me
94%
got
92.8%
sweet
92.8%
mine
92.8%
sweet
92.8%
mine
92.8%
got
92.8%
sweet
92.8%
mine
92.8%
sweet
92.8%
mine
92.8%
sweet
92.8%
mine
92.8%
to
92%
to
92%
Lyrics
% Correct
to
92%
to
92%
that
91.3%
that
91.3%
reminds
90.8%
reminds
90.8%
shes
90.3%
shes
90.3%
see
90%
see
90%
an
88.8%
smile
88.5%
childhood
88.5%
memories
88.3%
blue
88%
where
87.5%
where
87.5%
where
87.5%
where
87.5%
where
87.5%
as
86.8%
as
86.8%
as
86.8%
as
86.8%
do
86.3%
do
86.3%
do
86.3%
seems
85.5%
sky
85%
now
84.3%
now
84.3%
place
83.5%
place
83.5%
it
83%
her
83%
her
83%
o
82.8%
o
82.8%
o
82.8%
eyes
82%
eyes
82%
bright
81.3%
when
81.3%
everything
80.8%
if
80.8%
if
80.8%
cry
80.3%
Lyrics
% Correct
down
80%
takes
79.5%
special
79.5%
we
79.5%
we
79.5%
we
79.5%
was
78.8%
then
78.8%
break
78.8%
face
78.5%
away
78.5%
id
77.3%
id
77.3%
id
77.3%
love
76.3%
love
76.3%
too
75.8%
probably
75.8%
long
74.8%
look
74.8%
bluest
73%
rain
73%
rain
73%
into
71.5%
pain
71%
hair
71%
ounce
70%
skies
69.8%
hate
69.8%
those
69.8%
fresh
69.5%
for
68.3%
by
68.3%
pass
68%
thunder
67.3%
they
66.5%
safe
66.5%
i
66.3%
i
66.3%
warm
64.8%
hide
60.8%
pray
60%
quietly
58.8%
thought
50%
stared
43.3%
Quiz Playlist
Details
Report
Send in Message
Add To Playlist
More Info:
Can you name the lyrics to sweet child O mine in 5 minutes?
Classic:
Type in answers that appear in a list
Last Updated: Feb 16, 2017
Quiz Scoreboard
CHALLENGE
Sign Up to Join the Scoreboard
Show All
Scores
Hide
Comments
May contain spoilers
Recently Published
Popular People in 1961
by mucciniale
History
6m
1-10 Letter E Words III
by El_Dandy
Language
2m
One Thing in Common: World Cities II
by knightlancer
Geography
7m
More to Explore
Quiz From the Vault
Featured Blog Post
Where Did the Easter Bunny Come From?
hide this ad
You Might Also Like...
Tags
Rock Quiz
Classic Rock
Guns N Roses
Hard Rock
Rock n Roll
Today's Top Quizzes in Music
Browse Music
hide this ad
Today's Top Quizzes in Rock
Browse Rock
Top Contributed Quizzes in Music
1
Taylor Swift All Songs (2024)
2
Taylor Swift Logic Puzzle
3
2010s Album by Cover III
4
Guess the Taylor Swift song (Mystery Song)
5
One Thing in Common: Music
6
Guess the Artist- 70s Songs
7
2010s Album by Cover IV
8
2010s Album by Cover V
9
Get the Picture: Carrie or Dolly
10
Lana Del Rey Discography (BTD to DYKTTATUOB)
Explore More
Trending Topics
Kpop
Harry Potter
Crossword
Marvel
Anime
Disney
NBA
Puzzle
WWE
Soccer
Song
Country
Pokémon
NFL
The Office
hide this ad
More By:
CoopIsBored
Quiz
Plays
Rating
Category
Featured
Created
Sweet Child O' Mine Lyrics
400
2.67
Music
Apr 2, 2015
Go to Creator's Profile
Score Distribution
Quiz Creator Spotlight
CoopIsBored
Follow
Send a Message
Quizzes Created
-
Created Quiz Play Count
-
More By This Creator
Popular Quizzes Today
1
Find the US States - No Outlines Minefield
2
The Countries of the World
3
Popular People in 1961
4
Find the Countries of Europe - No Outlines Minefield
5
1-10 Letter E Words III
6
Find the US States
7
One Thing in Common: World Cities II
8
US States
More Music Quizzes
Figure Out the Disney Lyrics II
Published
Trending Quizzes
1-10 Letter F Words
One Thing in Common: Music
1-10 Letter G Words
Risky Map Clicking: Next State Alphabetically
1-10 Letter F Words II
Recently Updated
Leaping Animals
pecheneg
Reality TV Shows (A-Z)
bhenderson79
Rickey Henderson's Hall of Fame Teammates
pecheneg
Champions League XIs: Arsenal
pecheneg
Quick Pick: Celebrities in WWE's Hall of Fame
aduchscher
A-Z Keypad Blitz II
pecheneg
Multiple Oscar Actors
pecheneg
Mystery Phrase Blitz: Oscar 'Best Actors'
pecheneg
F. Scott Fitzgerald Novels
LTH
Pick 3 Villains
ddd62291
Trending Topics
NBA
Crossword
Harry Potter
Kpop
Anime
Disney
Marvel
Soccer
Country
Puzzle
Song
Pokémon
NFL
WWE
The Office
Your Account Isn't Verified!
In order to create a playlist on Sporcle, you need to verify the email address you used during registration. Go to your
Sporcle Settings
to finish the process.
Report this User
Report this user for behavior that violates our
Community Guidelines
.
Details:
Send Report
Go to the Sporcle.com Mobile Site →
Comments